000 00686nam a2200217Ia 4500
001 3319
003 GE_BSU
008 181216s||||||||xx |||||||||||||| ||und||
040 _cGE_BSU
080 _a66.023(075.32)
100 _aГайдамак,К.М
245 _aМонтаж оборудования предприятий химической и нефте-химической промишленности
245 _bУчебное пособие проф.техн.учеб.заведении
245 _cРед.А.П.Николаева
260 _aМ
260 _bВысш. школа
260 _c1974
300 _a286стр.
300 _bилл.
942 _cBK
999 _c37360
_d37360